| 000 | 01440cam a22002535a 4500 | ||
|---|---|---|---|
| 001 | L139437 | ||
| 002 | 16503 | ||
| 008 | 070726s2006 xxua f 001 0 eng d | ||
| 020 | _a0922154872 | ||
| 035 | _a(Sirsi) u139437 | ||
| 041 | 0 | _aeng | |
| 050 | 0 | 4 |
_a333.3382 $2 22 _a333.3320973 $2 18 |
| 100 | 1 | _aReynolds, Judith | |
| 245 | 0 | 0 |
_aHistoric properties _bpreservation and the valuation process |
| 250 | _a3rd ed. | ||
| 260 |
_aChicago _bAppraisal Institute _c2006 |
||
| 300 |
_a182p. _bill. _c26cm. |
||
| 350 | _a27.20 | ||
| 505 | 2 | _aA brief history of the preservation movement -- What makes a property historic? -- Building styles -- The costs and benefits of historic properties -- Valuation theory and historic preservation -- Applying the cost approach to historic properties -- Applying the income approach to historic properties -- Reconciliation of market value indications -- Preservation/conservation easements | |
| 520 | _aProvides guidance for appraisers in the United States who value historic properties. Includes an expanded valuation section and a case study illustrating how the sales comparison and income capitalisation approaches are applied in valuing historic properties. Also discusses the legislation, court decisions, tax laws, and restrictions that affect preservation and conservation easements. | ||
| 651 | 4 |
_aUnited States _y1959- |
|
| 690 | _aPROPERTY-PROPERTY APPRAISAL AND VALUATION | ||
| 942 | _n0 | ||
| 999 |
_c107300 _d107300 |
||